000 00584nam a2200229Ia 4500
003 OSt
005 20220928123929.0
006 a|||||r|||| 00| 0
007 ta
008 220927b |||||||| |||| 00| 0 eng d
024 _a76948
037 _cTextual
040 _aSDCL
_cSDCL
_beng
041 _2eng
_aeng
082 _aY2.41'N8, M3
100 _aChao Paul
_9462403
245 0 _aChinese kinship
260 _aLondon
_bKegan Paul International
_c1983
300 _axv,247p
_ccm.
942 _hY2.41'N8, M3
_cTEXL
_2CC
999 _c775386
_d775386